| 000 -LEADER |
| fixed length control field |
00896nam a22002057a 4500 |
| 005 - DATE AND TIME OF LATEST TRANSACTION |
| control field |
20260128084727.0 |
| 008 - FIXED-LENGTH DATA ELEMENTS--GENERAL INFORMATION |
| fixed length control field |
260128b ||||| |||| 00| 0 eng d |
| 020 ## - INTERNATIONAL STANDARD BOOK NUMBER |
| International Standard Book Number |
9781444957359 |
| 040 ## - CATALOGING SOURCE |
| Transcribing agency |
KH8 |
| 082 ## - DEWEY DECIMAL CLASSIFICATION NUMBER |
| Classification number |
741.5942 |
| 100 ## - MAIN ENTRY--PERSONAL NAME |
| Personal name |
MEDDINGS,LIZE |
| Relator term |
AUTHOR |
| 245 ## - TITLE STATEMENT |
| Title |
THE SAD GHOST CLUB |
| 260 ## - PUBLICATION, DISTRIBUTION, ETC. |
| Place of publication, distribution, etc. |
Carmelite House, 50 Victoria Embankment,London EC4Y 0DZ |
| Name of publisher, distributor, etc. |
HODDER CHILDREN'S BOOKS |
| Date of publication, distribution, etc. |
2021 |
| 300 ## - PHYSICAL DESCRIPTION |
| Extent |
247 Pages |
| Other physical details |
b iLLUSTRATION |
| Dimensions |
15cm x 23cm |
| 520 ## - SUMMARY, ETC. |
| Summary, etc. |
Ever felt anxious or alone? Like you don't belong anywhere? Like you're almost... invisible? Find your kindred spirits at The Sad Ghost Club. This is the story of one of those days - a day so bad you can barely get out of bed, when it's a struggle to leave the house, and when you do, you wish you hadn't. -Library Thing- |
| 650 ## - SUBJECT ADDED ENTRY--TOPICAL TERM |
| Topical term or geographic name entry element |
Juvenile Fiction |
| Form subdivision |
Emotions |
| 655 ## - INDEX TERM--GENRE/FORM |
| Genre/form data or focus term |
Spooky |
| 655 ## - INDEX TERM--GENRE/FORM |
| Genre/form data or focus term |
Friendship |
| 942 ## - ADDED ENTRY ELEMENTS (KOHA) |
| Source of classification or shelving scheme |
|
| Koha item type |
Graphic Novel |